The power of a woman's voice in medieval and early modern literatures (Record no. 109338)
[ view plain ]
| 000 -LEADER | |
|---|---|
| fixed length control field | 01535nam a2200337Ia 4500 |
| 082 04 - DEWEY DECIMAL CLASSIFICATION NUMBER | |
| Classification number | 809/.892870940902 |
| 100 1# - MAIN ENTRY--AUTHOR NAME | |
| Personal name | Classen, Albrecht. |
| 245 14 - TITLE STATEMENT | |
| Title | The power of a woman's voice in medieval and early modern literatures |
| 260 ## - PUBLICATION, DISTRIBUTION, ETC. (IMPRINT) | |
| Place of publication | Berlin ; |
| -- | New York : |
| Name of publisher | Walter de Gruyter, |
| Year of publication | c2007. |
| 300 ## - PHYSICAL DESCRIPTION | |
| Number of Pages | vi, 453 p. |
| 490 0# - SERIES STATEMENT | |
| Series statement | Fundamentals of medieval and early modern culture ; |
| 650 #0 - SUBJECT ADDED ENTRY--TOPICAL TERM | |
| Topical Term | Literature, Medieval |
| Topical Term | Literature |
| 856 40 - ELECTRONIC LOCATION AND ACCESS | |
| Uniform Resource Identifier | http://site.ebrary.com/lib/rucke/Doc?id=10597804 |
No items available.
